Biblioteca y Centro de Documentación

Administration et politiques nationales dans le contexte européen (Registro nro. 30951)

Detalles MARC
000 -CABECERA
Longitud fija campo de control 01463naa a2200397 c 4500
001 - NÚMERO DE CONTROL
Número de control 30951
003 - IDENTIFICADOR DE NÚMERO DE CONTROL
Identificador del número de control ES-MaCES
005 - FECHA Y HORA DE LA ÚLTIMA TRANSACCIÓN
Fecha y hora de la última transacción 20150929135533.0
008 - CAMPO FIJO DE DESCRIPCIÓN FIJA--INFORMACIÓN GENERAL
Códigos de información de longitud fija   980126n1997 fr ||| | fre d
035 ## - NÚMERO DE CONTROL DEL SISTEMA
Número de control del sistema CES19980049003v
040 ## - FUENTE DE CATALOGACIÓN
Centro catalogador de origen ES-MaCES
Lengua de catalogación spa
Centro transcriptor ES-MaCES
111 2# - ENCABEZAMIENTO PRINCIPAL--NOMBRE DE REUNIÓN
Nombre de congreso o jurisdicción como elemento de entrada Colloque International 'L'européanisation des politiques publiques : politiques communautaires et management public'
Número del congreso o número de parte o sección de la obra
Fecha del congreso 1996
Sede del congreso París
9 (RLIN) 399
245 10 - MENCIÓN DE TÍTULO
Título Administration et politiques nationales dans le contexte européen
300 ## - DESCRIPCIÓN FÍSICA
Extensión 231 p.
Dimensiones 24 cm
500 ## - NOTA GENERAL
Nota general Actes du huitième colloque international 'L'européanisation des politiques
504 ## - NOTA DE BIBLIOGRAFÍA, ETC.
Nota de bibliografía, etc. Bibliografía
505 0# - NOTA DE CONTENIDO FORMATEADA
Nota de contenido con formato Contiene: T. 2
650 #4 - ASIENTO SECUNDARIO DE MATERIA--TÉRMINO DE MATERIA
Término de materia o nombre geográfico como elemento inicial conferencia
9 (RLIN) 27013
650 #4 - ASIENTO SECUNDARIO DE MATERIA--TÉRMINO DE MATERIA
Término de materia o nombre geográfico como elemento inicial inmigración
9 (RLIN) 28632
650 #4 - ASIENTO SECUNDARIO DE MATERIA--TÉRMINO DE MATERIA
Término de materia o nombre geográfico como elemento inicial política social
9 (RLIN) 27029
650 #4 - ASIENTO SECUNDARIO DE MATERIA--TÉRMINO DE MATERIA
Término de materia o nombre geográfico como elemento inicial estudio de casos
9 (RLIN) 28846
650 #4 - ASIENTO SECUNDARIO DE MATERIA--TÉRMINO DE MATERIA
Término de materia o nombre geográfico como elemento inicial impuesto sobre sociedades
9 (RLIN) 28081
650 #4 - ASIENTO SECUNDARIO DE MATERIA--TÉRMINO DE MATERIA
Término de materia o nombre geográfico como elemento inicial servicios públicos
9 (RLIN) 27230
650 #4 - ASIENTO SECUNDARIO DE MATERIA--TÉRMINO DE MATERIA
Término de materia o nombre geográfico como elemento inicial Mercado Unico Europeo
9 (RLIN) 30652
650 #4 - ASIENTO SECUNDARIO DE MATERIA--TÉRMINO DE MATERIA
Término de materia o nombre geográfico como elemento inicial unión monetaria
9 (RLIN) 28170
650 #4 - ASIENTO SECUNDARIO DE MATERIA--TÉRMINO DE MATERIA
Término de materia o nombre geográfico como elemento inicial financiación
9 (RLIN) 28125
650 #4 - ASIENTO SECUNDARIO DE MATERIA--TÉRMINO DE MATERIA
Término de materia o nombre geográfico como elemento inicial fondo
9 (RLIN) 29796
650 #4 - ASIENTO SECUNDARIO DE MATERIA--TÉRMINO DE MATERIA
Término de materia o nombre geográfico como elemento inicial recursos económicos
9 (RLIN) 27083
650 #4 - ASIENTO SECUNDARIO DE MATERIA--TÉRMINO DE MATERIA
Término de materia o nombre geográfico como elemento inicial administración pública
9 (RLIN) 27214
653 10 - TÉRMINO DE INDEXACIÓN--NO CONTROLADO
Término no controlado Administración-Instituciones públicas
650 #4 - ASIENTO SECUNDARIO DE MATERIA--TÉRMINO DE MATERIA
9 (RLIN) 26752
Término de materia o nombre geográfico como elemento inicial UE
773 0# - ENTRADA DE DOCUMENTO FUENTE
Título Politiques et management public
Parte(s) relacionada(s) Vol. 15, nº 3 (sept. 1997)
Número de control del registro relacionado (ES-MaCES)25205
902 ## - CES. TIPO DE DOCUMENTO
Tipodoc (006$c Sirtex) MON Monográfico de revista
942 ## - ELEMENTOS KOHA
Fuente de clasificaión o esquema Clasificación propia del CES
Koha [por defecto] tipo de item Artículos (1982-2017)
Parte de clasificación 6.3.

No hay ítems disponibles.

© CES, Consejo Económico y Social de España 2021